000 00342nam a2200157Ia 4500
100 _aKhan/M.I/ Haque/S
650 _aMANUFACTURING
942 _cBK
366 _f25
245 _aManufacturing Science
260 _bPrentice -Hall of India
_c2011
082 _a658.5
_bKHA
300 _a562
546 _aENGLISH
_cInfo.Tech
999 _c26448
_d26448